000 01057nam a2200289Ia 4500
003 OSt
005 20220930092825.0
006 a|||||r|||| 00| 0
007 ta
008 220926b |||||||| |||| 00| 0 eng d
024 _a25074
037 _cTheses
040 _aCRL
_cCRL
_beng
041 _2eng
_aeng
100 _aShankar B
_9549761
110 _aUniversity OF Delhi. Faculty OF Medical Sciences. Department OF General Surgery
245 0 _aDrainage of traumatic hemothorax and pneumothorax
_b small bore versus large bore chest drain - A pilot randomized controlled trial
260 _c2015
650 _aSURGERY
700 _a Dr. Mohit Kumar Joshi Gu.
700 _a Dr. N. P. Singh Gu.
_9525771
700 _a Dr. Sunil Kumar Gu.
_9532243
700 _a Dr. Vinita Rathi Gu.
_9539912
700 _aUniversity OF Delhi. Faculty OF Medical Sciences. Department OF General Surgery
942 _cDIS
_2CC
999 _c884343
_d884343